书目信息 |
| 题名: |
我要出头天
|
|
| 作者: | 布兰森博士 著 | |
| 分册: | ||
| 出版信息: | 北京 中国城市出版社 1998.10 |
|
| 页数: | 276页 | |
| 开本: | 32开 | |
| 丛书名: | ||
| 单 册: | ||
| 中图分类: | R395.6 | |
| 科图分类: | ||
| 主题词: | 医学心理学 , 病理心理学 | |
| 电子资源: | ||
| ISBN: | 7-5074-1039-0 | |
| 000 | 00571nam0 2200205 45 | |
| 001 | 0008021511 | |
| 005 | 20000802153007.9 | |
| 010 | @a7-5074-1039-0@d19.80元 | |
| 100 | @a20000802d1998 km y0chiy0120 ea | |
| 101 | 0 | @achi |
| 105 | @a z 000yy | |
| 200 | 1 | @a我要出头天@AWo Yao Chu Tou Tian@f布兰森博士著@FBu Lan Sen Bo Shi Zhu |
| 210 | @a北京@c中国城市出版社@d1998.10 | |
| 215 | @a276页@d32开 | |
| 606 | 0 | @a医学心理学 |
| 606 | 0 | @a病理心理学 |
| 690 | @aR395.6@v3 | |
| 701 | 0 | @a布兰森博士@4著 |
| 801 | @aCN@bPftUser@c20000802 | |
| 905 | @b82450-452@dR395.6@eL053@f3 | |
| 我要出头天/布兰森博士著.-北京:中国城市出版社,1998.10 |
| 276页;32开 |
| ISBN 7-5074-1039-0:19.80元 |
| ● |
| 相关链接 |
|
|
|
正题名:我要出头天
索取号:R395.6/L053
 
预约/预借
| 序号 | 登录号 | 条形码 | 馆藏地/架位号 | 状态 | 备注 |
| 1 | 82450 | 200824509 | 自科库401/401自科库 15排3列5层/ [索取号:R395.6/L053] | 在馆 | |
| 2 | 82451 | 200824518 | 自科库401/ [索取号:R395.6/L053] | 在馆 | |
| 3 | 82452 | 200824527 | 自科库401/401自科库 15排3列5层/ [索取号:R395.6/L053] | 在馆 |